Jak realizovat právo v organizaci

Saved in:
Bibliographic Details
Main Author: Hajn, Petr
Format: Book
Language:Czech
Published: Praha Panorama 1988
Edition:1. vyd.
Tags: Add Tag
No Tags, Be the first to tag this record!

MARC

LEADER 00000nam a2200000 4500
001 c040289
005 20221219090509.2
041 0 |a cze 
044 |a CZ 
245 1 0 |a Jak realizovat právo v organizaci  |c Petr Hajn 
250 |a 1. vyd. 
264 1 |a Praha  |b Panorama  |c 1988 
300 |a 192 s. 
100 1 |a Hajn, Petr